Mustika diri : bunga rampai karya penulis wanita 1930-1990

Bibliographic Details
Other Authors: Ahmad Kamal Abdullah
Format: Book
Published: Kuala Lumpur : Dewan Bahasa Dan Pustaka , 1994
Subjects:

MARC

LEADER 00000cam a2200000 7i4500
001 0000009168
002 000009985
005 20011127.0
020 |a 9836241248 
090 0 0 |a 899.230809287   |b MUS 
245 1 0 |a Mustika diri :   |b bunga rampai karya penulis wanita 1930-1990   |c diselenggarakan oleh Ahmad Kamal Abdul lah 
260 |a Kuala Lumpur :   |b Dewan Bahasa Dan Pustaka ,   |c 1994 
300 |a 683p. ;   |c 18cm. 
650 0 0 |a Short stories 
700 0 |a Ahmad Kamal Abdullah 
999 |a 039685   |b BUKU   |c PINJAMAN   |e PERPUSTAKAAN KOMUNITI PETALING JAYA 
999 |a 039686   |b BUKU   |c PINJAMAN   |e PERPUSTAKAAN KOMUNITI PETALING JAYA 
999 |a 054263   |b BUKU   |c PINJAMAN   |e PERPUSTAKAAN KOMUNITI PETALING JAYA